[Event "Vellmar op 8th"]
[Site "Vellmar"]
[Date "2016.07.30"]
[Round "5"]
[White "Maar, Samuel"]
[Black "Langjahr, Marius"]
[Result "0-1"]
[WhiteElo "1998"]
[BlackElo "1812"]
[PlyCount "108"]
[EventDate "2016.07.28"]
[EventType "swiss"]
[EventRounds "7"]
[EventCountry "GER"]
[SourceTitle "CBM 173 Extra"]
[Source "ChessBase"]
[SourceDate "2016.08.29"]
[SourceVersion "1"]
[SourceVersionDate "2016.08.29"]
[SourceQuality "1"]

1. e4 e6 2. d4 d5 3. Nd2 Nf6 4. e5 Nfd7 5. c3 c5 6. Bd3 Nc6 7. Ne2 cxd4 8. cxd4 f6 9. exf6 Nxf6 10. 0-0 Bd6 11. Nf3 0-0 12. Bg5 Qc7 13. Bh4 Nh5 14. Nc3 a6 15. Re1 g6 16. Rc1 Qg7 17. Ng5 Qxd4 18. Nxh7 Qxh4 19. g3 Nxg3 20. Nxf8 Ne2+ 21. Kf1 Nxc1 22. Be4 Qh3+ 23. Bg2 Qd3+ 24. Kg1 Qxd1 25. Rxd1 Kxf8 26. Rxc1 Bd7 27. Rd1 Ne7 28. Bh3 Nf5 29. Ne2 Be5 30. Bg4 Bb5 31. Ng3 Bxg3 32. hxg3 Ke7 33. a3 Rc8 34. Rd2 Ba4 35. Rd3 Rc1+ 36. Kg2 Bc2 37. Rd2 Be4+ 38. Bf3 Nd6 39. Re2 Rc2 40. Rxc2 Bxc2 41. Kh3 Nc4 42. Kh4 Kf6 43. g4 Nxb2 44. g5+ Ke5 45. Be2 Nc4 46. Kg4 Bf5+ 47. Kh4 Kf4 48. a4 Ne5 49. a5 Bd3 50. Bxd3 Nxd3 51. f3 Ne5 52. Kh3 Nxf3 53. Kg2 Nxg5 54. Kh2 d4 0-1

[Event "Wuerttemberg-ch KT"]
[Site "Stuttgart"]
[Date "2015.09.01"]
[Round "5"]
[White "Langjahr, Marius"]
[Black "Nam, Seung Zin"]
[Result "1-0"]
[WhiteElo "1784"]
[BlackElo "1608"]
[PlyCount "92"]
[EventDate "2015.08.29"]
[EventType "swiss"]
[EventRounds "9"]
[EventCountry "GER"]
[SourceTitle "EXT 2017"]
[Source "ChessBase"]
[SourceDate "2016.10.25"]
[SourceVersion "1"]
[SourceVersionDate "2016.10.25"]
[SourceQuality "1"]

1. d4 g6 2. c4 Bg7 3. Nc3 c5 4. Nf3 cxd4 5. Nxd4 Nc6 6. e3 Nf6 7. Be2 d6 8. 0-0 0-0 9. Bf3 Ne5 10. Be2 a6 11. f4 Neg4 12. h3 Nh6 13. e4 e5 14. fxe5 dxe5 15. Nf3 Qe7 16. Bg5 Qc5+ 17. Kh1 Nh5 18. Qe1 f5 19. Nd2 Nf7 20. Nb3 Qa7 21. Be7 Nf4 22. Bc5 b6 23. Bxf8 Bxf8 24. Nd5 Nxe2 25. Qxe2 f4 26. Rfd1 Kg7 27. Qf2 Rb8 28. a4 a5 29. Rac1 Bd7 30. Nc3 Nd6 31. Qe2 Be6 32. Nd2 Qe7 33. b3 Qh4 34. Nf3 Qh5 35. Ng1 Qg5 36. Nd5 h5 37. Qf2 Nxe4 38. Qf3 Ng3+ 39. Kh2 Bg4 40. hxg4 hxg4 41. Nh3 Qh4 42. Qc3 Re8 43. Ndxf4 Bb4 44. Qxg3 Qxg3+ 45. Kxg3 exf4+ 46. Nxf4 Re3+ 1-0

[Event "Wuerttemberg-ch KT"]
[Site "Stuttgart"]
[Date "2015.08.30"]
[Round "2"]
[White "Langjahr, Marius"]
[Black "Pflaum, Stefan"]
[Result "0-1"]
[WhiteElo "1784"]
[BlackElo "2064"]
[PlyCount "58"]
[EventDate "2015.08.29"]
[EventType "swiss"]
[EventRounds "9"]
[EventCountry "GER"]
[SourceTitle "EXT 2017"]
[Source "ChessBase"]
[SourceDate "2016.10.25"]
[SourceVersion "1"]
[SourceVersionDate "2016.10.25"]
[SourceQuality "1"]

1. d4 f5 2. c4 Nf6 3. Nc3 d6 4. Nf3 g6 5. g3 Bg7 6. Bg2 0-0 7. 0-0 Qe8 8. Bf4 Nh5 9. Bg5 h6 10. Be3 f4 11. Bc1 c6 12. e3 e5 13. Ne4 Bg4 14. Nxd6 Qe6 15. dxe5 fxg3 16. fxg3 Bxe5 17. Nxb7 Nd7 18. Nd4 Bxd4 19. Qxd4 Rxf1+ 20. Bxf1 Ne5 21. Bg2 Nf3+ 22. Bxf3 Bxf3 23. e4 Nxg3 24. hxg3 Qh3 25. Kf2 Qg2+ 26. Ke3 Qe2+ 27. Kf4 Re8 28. Nc5 Bg4 29. Qe3 g5# 0-1

[Event "GER-ch U14"]
[Site "Willingen"]
[Date "2015.05.30"]
[Round "9"]
[White "Langjahr, Marius"]
[Black "Grossmann, Kevin"]
[Result "1/2-1/2"]
[WhiteElo "1748"]
[BlackElo "1582"]
[PlyCount "47"]
[EventDate "2015.05.24"]
[EventType "swiss"]
[EventRounds "9"]
[EventCountry "GER"]
[SourceTitle "CBM 166 Extra"]
[Source "ChessBase"]
[SourceDate "2015.06.18"]
[SourceVersion "1"]
[SourceVersionDate "2015.06.18"]
[SourceQuality "1"]

1. d4 Nf6 2. c4 c5 3. d5 b5 4. cxb5 a6 5. b6 Qxb6 6. Nc3 d6 7. e4 g6 8. Be2 Bg7 9. Nf3 Nbd7 10. 0-0 0-0 11. Nd2 Qa7 12. Nc4 Nb6 13. f3 Nxc4 14. Bxc4 Bd7 15. Be3 Rfb8 16. Rb1 Ne8 17. Qd2 a5 18. a3 a4 19. Bh6 Nc7 20. Bxg7 Kxg7 21. Rf2 Bb5 22. Bxb5 Nxb5 23. Nxb5 Rxb5 24. Rc1 1/2-1/2

[Event "GER-ch U14"]
[Site "Willingen"]
[Date "2015.05.28"]
[Round "7"]
[White "Langjahr, Marius"]
[Black "Wolf, Philipp"]
[Result "1/2-1/2"]
[WhiteElo "1748"]
[BlackElo "1347"]
[PlyCount "97"]
[EventDate "2015.05.24"]
[EventType "swiss"]
[EventRounds "9"]
[EventCountry "GER"]
[SourceTitle "CBM 166 Extra"]
[Source "ChessBase"]
[SourceDate "2015.06.18"]
[SourceVersion "1"]
[SourceVersionDate "2015.06.18"]
[SourceQuality "1"]

1. d4 Nf6 2. c4 e6 3. Nc3 Bb4 4. Qc2 0-0 5. e4 d5 6. e5 Ne4 7. Nf3 c5 8. a3 Qa5 9. Bd2 Nxd2 10. Qxd2 cxd4 11. Qxd4 Bxc3+ 12. Qxc3 Qxc3+ 13. bxc3 Rd8 14. Rd1 Nc6 15. Be2 b6 16. 0-0 Ba6 17. Nd4 Nxe5 18. cxd5 Bxe2 19. Nxe2 exd5 20. Nf4 Nc4 21. a4 Nb2 22. Rd4 Rac8 23. Nxd5 Kf8 24. Re1 Nxa4 25. Rxa4 Rxd5 26. Rxa7 Rcd8 27. Rb7 b5 28. Kf1 Re8 29. Rxe8+ Kxe8 30. Ke2 Rg5 31. g3 Rh5 32. h4 Rc5 33. Kd3 Rd5+ 34. Ke4 Rc5 35. Kd4 Rc4+ 36. Kd3 Rc5 37. f4 h5 38. Kc2 Kf8 39. Kb3 f6 40. Rd7 Kg8 41. Rd4 g5 42. Kb4 Rf5 43. Kb3 Kf7 44. Kc2 gxh4 45. gxh4 Kg6 46. Kb3 Kf7 47. Kb4 Ke7 48. Re4+ Kd7 49. Rd4+ 1/2-1/2

[Event "Stuttgart-chA op"]
[Site "Ditzingen"]
[Date "2015.05.16"]
[Round "6"]
[White "Pajer, Michael"]
[Black "Langjahr, Marius"]
[Result "1-0"]
[WhiteElo "1889"]
[BlackElo "1812"]
[PlyCount "47"]
[EventDate "2015.05.14"]
[EventType "swiss"]
[EventRounds "7"]
[EventCountry "GER"]
[SourceTitle "EXT 2018"]
[Source "ChessBase"]
[SourceDate "2017.10.13"]
[SourceVersion "1"]
[SourceVersionDate "2017.10.13"]
[SourceQuality "1"]

1. c4 Nf6 2. Nc3 e6 3. g3 d5 4. cxd5 exd5 5. d4 Be6 6. Bg2 c6 7. Nf3 Bd6 8. Bg5 Nbd7 9. 0-0 0-0 10. Qc2 h6 11. Bd2 Re8 12. Nh4 Qb6 13. Rad1 Rac8 14. Na4 Qa6 15. Nc3 b6 16. Rfe1 c5 17. e3 cxd4 18. exd4 Qxa2 19. Bf1 Ba3 20. Rb1 Ne4 21. Qd1 Nxc3 22. Bxc3 Rxc3 23. bxc3 Rc8 24. Re2 1-0

[Event "Stuttgart-chA op"]
[Site "Ditzingen"]
[Date "2015.05.15"]
[Round "4"]
[White "Langjahr, Marius"]
[Black "Hoeschele, Hans Ulrich"]
[Result "1/2-1/2"]
[WhiteElo "1812"]
[BlackElo "2032"]
[PlyCount "75"]
[EventDate "2015.05.14"]
[EventType "swiss"]
[EventRounds "7"]
[EventCountry "GER"]
[SourceTitle "EXT 2018"]
[Source "ChessBase"]
[SourceDate "2017.10.13"]
[SourceVersion "1"]
[SourceVersionDate "2017.10.13"]
[SourceQuality "1"]

1. d4 d5 2. c4 c6 3. Nc3 e6 4. cxd5 exd5 5. Qc2 Nf6 6. Bg5 Be7 7. e3 Nbd7 8. Bd3 h6 9. Bh4 Nf8 10. Nge2 Ne6 11. 0-0 g5 12. Bg3 Bd6 13. f3 Nh5 14. Bxd6 Qxd6 15. Rad1 0-0 16. e4 Nhf4 17. e5 Qb4 18. Bf5 Nxe2+ 19. Nxe2 Ng7 20. Bxc8 Raxc8 21. a3 Qb6 22. b4 Rfe8 23. f4 gxf4 24. Rxf4 Rxe5 25. Kh1 Re7 26. Rg4 Rce8 27. Ng1 Re4 28. Rxe4 Rxe4 29. Qc5 Qa6 30. Qc3 Qc4 31. Qg3 Rxd4 32. Qb8+ Kh7 33. Rxd4 Qxd4 34. Qxb7 Qf6 35. Qxa7 Nf5 36. Qf2 Qe6 37. Qc2 Kg8 38. Qe2 1/2-1/2